Home Print Resources E-Books E-Journals IIMT Lecture Series Library Membership Form Book Recommendation Form Campus Tour Take AdmissionAbout Us Contact Us

Production and Operations Management (Record no. 2303)

000 -LEADER
fixed length control field 00376nam a2200157Ia 4500
003 - CONTROL NUMBER IDENTIFIER
control field OSt
005 - DATE AND TIME OF LATEST TRANSACTION
control field 20240329163222.0
008 - FIXED-LENGTH DATA ELEMENTS--GENERAL INFORMATION
fixed length control field 170524s9999 xx 000 0 und d
020 ## - INTERNATIONAL STANDARD BOOK NUMBER
International Standard Book Number 978-9352029013
040 ## - CATALOGING SOURCE
Transcribing agency iimtu meerut
100 ## - MAIN ENTRY--PERSONAL NAME
Personal name Chukawala S.A
100 ## - MAIN ENTRY--PERSONAL NAME
Titles and words associated with a name 2006
245 #0 - TITLE STATEMENT
Title Production and Operations Management
260 ## - PUBLICATION, DISTRIBUTION, ETC.
Place of publication, distribution, etc. HIMALAYA PUBLICATION
942 ## - ADDED ENTRY ELEMENTS (KOHA)
Source of classification or shelving scheme
Koha item type Book Bank
Holdings
Withdrawn status Lost status Source of classification or shelving scheme Damaged status Not for loan Home library Current library Date acquired Coded location qualifier Barcode Date last seen Price effective from Koha item type Public note Total Checkouts Date last checked out
          IIMT University Central Library Meerut IIMT University Central Library Meerut 05/31/2017 Dept. MBA 01-B-13583 05/31/2017 05/31/2017 Book Bank    
          IIMT University Central Library Meerut IIMT University Central Library Meerut 05/31/2017   01-B-13584 05/31/2017 05/31/2017 SAMS ISSUE RECORD MBA Left Faculty without no dues    
          IIMT University Central Library Meerut IIMT University Central Library Meerut 05/31/2017   01-B-13585 01/16/2021 05/31/2017 Book Bank   2 01/09/2021
IIMT, Central Library. All Rights Reserved IIMT,UNIVERSITY © 2023
Implemented and Customised by I CLOUDE EMS
You Are OPAC Visitor No
free web counter

Powered by Koha